[Event "Wch Seniors 65 (Women) 26th"]
[Site "Marianske Lazne"]
[Date "2016.11.27"]
[Round "7"]
[White "Urbanaites, Elvira"]
[Black "Katusak Huzsvar, Rezsone"]
[Result "1-0"]
[WhiteElo "1501"]
[BlackElo "1372"]
[PlyCount "149"]
[EventDate "2016.11.19"]
[EventType "swiss"]
[EventRounds "9"]
[EventCountry "CZE"]
[SourceTitle "CBM 175 Extra"]
[Source "ChessBase"]
[SourceDate "2016.12.12"]
[SourceVersion "1"]
[SourceVersionDate "2016.12.12"]
[SourceQuality "1"]

1. e4 e5 2. Nc3 Nf6 3. f4 d6 4. Nf3 Be7 5. Bc4 0-0 6. fxe5 dxe5 7. 0-0 Nbd7 8. d3 Bc5+ 9. Kh1 h6 10. Qe2 c6 11. a3 a6 12. Be3 Bxe3 13. Qxe3 Ng4 14. Qd2 Qb6 15. Na4 Qc7 16. Ba2 b5 17. Nc3 Nb6 18. h3 Nf6 19. Qf2 Re8 20. Nh4 Be6 21. Bxe6 Rxe6 22. Nf5 Nh7 23. Qh4 Qd8 24. Qf2 Nd7 25. d4 Rf6 26. Rad1 Qc7 27. Qg3 g5 28. d5 Re8 29. d6 Qb6 30. Ne7+ Kg7 31. Rxf6 Nhxf6 32. Qf3 Qc5 33. Nf5+ Kg6 34. Ne7+ Kg7 35. b4 Qc4 36. Rf1 Ra8 37. Qd3 Qxd3 38. cxd3 c5 39. Nf5+ Kg6 40. Ne7+ Kg7 41. Kh2 Rd8 42. Rf3 Nf8 43. bxc5 Ne6 44. c6 Nd4 45. Rxf6 Kxf6 46. Ncd5+ Ke6 47. c7 Rh8 48. c8Q+ Rxc8 49. Nxc8 Ne2 50. Ndb6 Nd4 51. Kg3 h5 52. Kf2 a5 53. d7 Nc6 54. d8Q Nxd8 55. Na7 b4 56. axb4 axb4 57. Nc4 f6 58. Ke3 Nb7 59. Nc6 b3 60. Kd2 Kd7 61. Nb4 Nc5 62. Kc3 Ne6 63. Nd5 Nf4 64. Nxf6+ Ke6 65. Nh7 Nxg2 66. Nxg5+ Kf6 67. Nf3 Nf4 68. h4 Ng6 69. Kxb3 Ke6 70. Kb4 Kf6 71. Kc5 Nf4 72. Ncxe5 Ng2 73. Kd6 Nf4 74. d4 Ne6 75. Nd7+ 1-0

[Event "Ivanovo Region-ch (Women)"]
[Site "Ivanovo"]
[Date "2009.12.10"]
[Round "7.5"]
[White "Bushkova, Vera"]
[Black "Urbanaites, Elvira"]
[Result "0-1"]
[WhiteElo "1813"]
[BlackElo "1756"]
[PlyCount "54"]
[EventDate "2009.12.04"]
[EventType "swiss"]
[EventRounds "9"]
[EventCountry "RUS"]
[SourceTitle "EXT 2022"]
[Source "ChessBase"]
[SourceDate "2021.10.06"]
[SourceVersion "1"]
[SourceVersionDate "2021.10.06"]
[SourceQuality "1"]

1. e4 d5 2. e5 d4 3. c3 c5 4. f4 d3 5. c4 Qd4 6. Qb3 Qe4+ 7. Kf2 Qxf4+ 8. Nf3 Nc6 9. Qxd3 Nxe5 10. Qc3 Nf6 11. h3 Ne4+ 12. Kg1 Nxc3 13. Nxc3 Nxf3+ 14. gxf3 Qg3+ 15. Bg2 e5 16. Ne4 Qg6 17. Kh2 f5 18. Nc3 f4 19. Ne4 Bf5 20. Rg1 Bxe4 21. fxe4 Qg3+ 22. Kh1 Qd3 23. Bf1 Qxe4+ 24. Rg2 f3 25. Rf2 Be7 26. Kg1 Bh4 27. Rh2 0-0 0-1

[Event "RUS-ch Seniors (Women)"]
[Site "Lesnoj Gorodok"]
[Date "2009.10.09"]
[Round "7"]
[White "Vasiukova, Renata D"]
[Black "Urbanaites, Elvira"]
[Result "1/2-1/2"]
[WhiteElo "1983"]
[BlackElo "1843"]
[PlyCount "39"]
[EventDate "2009.10.03"]
[EventType "swiss"]
[EventRounds "9"]
[EventCountry "RUS"]
[SourceTitle "CBM 132 Extra"]
[Source "ChessBase"]
[SourceDate "2009.11.03"]
[SourceVersion "1"]
[SourceVersionDate "2009.11.03"]
[SourceQuality "1"]

1. c3 e5 2. d3 d5 3. Nd2 Nc6 4. e4 d4 5. cxd4 exd4 6. a3 Nf6 7. h3 Bc5 8. Ngf3 0-0 9. g4 Re8 10. Bg2 Ne5 11. Nxe5 Rxe5 12. Nc4 Re8 13. b4 Bb6 14. Bg5 h6 15. Bh4 g5 16. Bg3 Be6 17. Nxb6 axb6 18. 0-0 c5 19. bxc5 bxc5 20. Re1 1/2-1/2

[Event "RUS-ch Seniors (Women)"]
[Site "Lesnoj Gorodok"]
[Date "2009.10.03"]
[Round "1"]
[White "Urbanaites, Elvira"]
[Black "Kalashnikova, Larisa"]
[Result "1/2-1/2"]
[WhiteElo "1843"]
[BlackElo "2026"]
[PlyCount "27"]
[EventDate "2009.10.03"]
[EventType "swiss"]
[EventRounds "9"]
[EventCountry "RUS"]
[SourceTitle "CBM 132 Extra"]
[Source "ChessBase"]
[SourceDate "2009.11.03"]
[SourceVersion "1"]
[SourceVersionDate "2009.11.03"]
[SourceQuality "1"]

1. e4 c5 2. a3 Nc6 3. b4 cxb4 4. axb4 Nxb4 5. c3 Nc6 6. d4 d5 7. exd5 Qxd5 8. Na3 a6 9. Nb5 Qd8 10. d5 Na7 11. Nxa7 Rxa7 12. Be3 Ra8 13. Nf3 Nf6 14. Bb5+ 1/2-1/2

[Event "Anapa op"]
[Site "Anapa"]
[Date "2009.09.07"]
[Round "8"]
[White "Urbanaites, Elvira"]
[Black "Grigorova, Lidia"]
[Result "1-0"]
[WhiteElo "1843"]
[BlackElo "1637"]
[PlyCount "39"]
[EventDate "2009.08.31"]
[EventType "swiss"]
[EventRounds "9"]
[EventCountry "RUS"]
[SourceTitle "CBM 132 Extra"]
[Source "ChessBase"]
[SourceDate "2009.11.03"]
[SourceVersion "1"]
[SourceVersionDate "2009.11.03"]
[SourceQuality "1"]

1. d4 Nf6 2. c4 c5 3. d5 a6 4. Nc3 g6 5. e4 Bg7 6. e5 Ng8 7. f4 f6 8. Nf3 Nh6 9. Bd3 Qc7 10. d6 Qc6 11. dxe7 fxe5 12. fxe5 Nf7 13. Bf4 Qe6 14. Nd5 Qc6 15. 0-0 d6 16. Be4 dxe5 17. Bg5 Qd7 18. Bf6 Rg8 19. Bxg7 Qe6 20. Nc7+ 1-0

[Event "Kineshma"]
[Site "Kineshma"]
[Date "2009.08.07"]
[Round "7.2"]
[White "Labyshkin, Aleksey"]
[Black "Urbanaites, Elvira"]
[Result "1-0"]
[WhiteElo "2117"]
[BlackElo "1843"]
[PlyCount "49"]
[EventDate "2009.08.03"]
[EventType "tourn"]
[EventRounds "9"]
[EventCountry "RUS"]
[SourceTitle "EXT 2022"]
[Source "ChessBase"]
[SourceDate "2021.10.06"]
[SourceVersion "1"]
[SourceVersionDate "2021.10.06"]
[SourceQuality "1"]

1. e4 e5 2. Nf3 f5 3. exf5 Nc6 4. d4 d5 5. Bb5 e4 6. Ne5 Qd6 7. Qh5+ g6 8. fxg6 Nf6 9. g7+ Nxh5 10. gxh8Q Bd7 11. Bxc6 Bxc6 12. Qxh7 Ng7 13. Qg6+ Qxg6 14. Nxg6 0-0-0 15. Nxf8 Rxf8 16. Bh6 Rg8 17. Bxg7 Rxg7 18. g3 Bb5 19. Nc3 Bc6 20. h4 b5 21. a3 e3 22. fxe3 Rxg3 23. Kf2 Rg8 24. h5 Bd7 25. Nxd5 1-0

[Event "Kineshma"]
[Site "Kineshma"]
[Date "2009.08.07"]
[Round "6.5"]
[White "Urbanaites, Elvira"]
[Black "Sotnikov, Maxim"]
[Result "0-1"]
[WhiteElo "1843"]
[BlackElo "2037"]
[PlyCount "76"]
[EventDate "2009.08.03"]
[EventType "tourn"]
[EventRounds "9"]
[EventCountry "RUS"]
[SourceTitle "EXT 2022"]
[Source "ChessBase"]
[SourceDate "2021.10.06"]
[SourceVersion "1"]
[SourceVersionDate "2021.10.06"]
[SourceQuality "1"]

1. e4 c5 2. a3 e6 3. Nf3 Nc6 4. d4 cxd4 5. Nxd4 Nf6 6. Nxc6 bxc6 7. Nc3 d5 8. exd5 cxd5 9. Bb5+ Bd7 10. Bxd7+ Qxd7 11. 0-0 Be7 12. Bf4 0-0 13. Be5 Qb7 14. b4 Nd7 15. Bg3 Bf6 16. Ne2 Bxa1 17. Qxa1 e5 18. f4 Qb6+ 19. Kh1 f6 20. Rd1 d4 21. c4 Qa6 22. Qa2 Qe6 23. Rd2 a5 24. b5 Nc5 25. a4 Rad8 26. fxe5 fxe5 27. Bh4 Qg4 28. Ng1 Qxh4 29. Re2 e4 30. g3 Qh5 31. Qa3 d3 32. g4 Qxg4 33. Rg2 Qxg2+ 34. Kxg2 d2 35. Qxc5 d1Q 36. Qe3 Qd2+ 37. Qxd2 Rxd2+ 38. Kg3 Rc2 0-1